000 01230nam a2200325 a 4500
001 ebr10671471
003 CaPaEBR
006 m u
007 cr cn|||||||||
008 130326s2013 gw ad sb 001 0 eng d
020 _z9783527332991
020 _z9783527659753 (e-book)
040 _aCaPaEBR
_cCaPaEBR
035 _a(OCoLC)841167894
050 1 4 _aTP159
_b.M53 2013eb
245 0 0 _aMicroreactors in organic chemistry and catalysis
_h[electronic resource] /
_cedited by Thomas Wirth.
250 _a2nd completely rev. and enl. ed.
260 _aWeinheim, Germany :
_bWiley-VCH,
_c2013.
300 _axix, 465 p. :
_bill.
504 _aIncludes bibliographical references and index.
533 _aElectronic reproduction.
_bPalo Alto, Calif. :
_cebrary,
_d2013.
_nAvailable via World Wide Web.
_nAccess may be limited to ebrary affiliated libraries.
650 0 _aMicroreactors.
650 0 _aCatalysis.
650 0 _aChemistry, Organic.
650 0 _aChemical reactors.
655 7 _aElectronic books.
_2local
700 1 _aWirth, Thomas.
710 2 _aebrary, Inc.
856 4 0 _uhttp://site.ebrary.com/lib/rucke/Doc?id=10671471
_zAn electronic book accessible through the World Wide Web; click to view
999 _c62472
_d62472